| 000 | 00896nam a2200241Ia 4500 | ||
|---|---|---|---|
| 003 | OSt | ||
| 005 | 20220923224656.0 | ||
| 006 | a|||||r|||| 00| 0 | ||
| 007 | ta | ||
| 008 | 220922b |||||||| |||| 00| 0 hin d | ||
| 024 | _a248,728 | ||
| 037 | _cTextual | ||
| 040 |
_aARTS _cARTS _bhin |
||
| 041 |
_2hin _ahin |
||
| 082 | _aO1520m3,3:g(P), K3 | ||
| 245 | 0 | _aहिन्दी के साथ दक्षिणी भाषाओं का तुलनात्मक व्याकरण | |
| 246 | _aHindī ke sāth dakṣhiṇī bhāṣhāoan kā tulanātmak vyākaraṇa | ||
| 260 |
_aमद्रास _b दक्षिण भारत हिन्दी प्रचार सभा _c1963 |
||
| 300 |
_a268पृ. _ccm. |
||
| 650 |
_aहिन्दी साहित्य _9156264 |
||
| 942 |
_hO1520m3,3:g(P), K3 _cTEXL _2CC |
||
| 999 |
_c372891 _d372891 |
||